00635nam a2200181 a 4500001001000000003000900010005001700019007000300036008004100039040002500080082001600105111010300121245011300224260005000337300001800387700002200405700002600427000029978DO-SdBNP20220824104413.0ta110428s1931 dr 000 0 spa d aDO-SdBNPbspacBNPHU axxxxbV635c2 aConferencia comercial panamericana de Washington. D. C.n(4: 5-13 de octubred(1931:cWachington )13aLa cuarta conferencia comercial panamericana de Washington. D. C. /cFederico Llaverías, Felipe A. Vicini. aSanto Domingo :bImprenta La Nación,c1931. a72 p.c18 cm.12aVicini, Felipe A.12aLlaverías, Federico